Statistics for Michael Crichton Novels

Click here to take the quiz!

General Stats

  • This quiz has been taken 299 times
    (96 since last reset)
  • The average score is 11 of 32

Answer Stats

YearNovel% Correct
1990Jurassic Park
97%
1969The Andromeda Strain
77%
1980Congo
71%
1995The Lost World
71%
2002Prey
52%
1987Sphere
52%
1994Disclosure
45%
1992Rising Sun
45%
1999Timeline
45%
1996Airframe
42%
2006Next
42%
2009Pirate Latitudes
42%
1975The Great Train Robbery
42%
1972The Terminal Man
42%
2017Dragon Teeth
35%
1976Eaters of the Dead
35%
2011Micro
35%
2004State of Fear
32%
1968A Case of Need
26%
1988Travels
26%
1970Five Patients
19%
1972Binary
10%
1970Dealing
10%
1983Electronic Life
10%
1977Jasper Johns
10%
1966Odds On
10%
1969The Venom Business
10%
1970Grave Descend
6%
1967Scratch One
6%
1969Zero Cool
6%
1970Drug of Choice
3%
1968Easy Go
3%

Score Distribution

Percentile by Number Answered

Percent of People with Each Score

Your Score History

You have not taken this quiz since the last reset